[Event "Heusenstamm Sparkassen op-A 2nd"]
[Site "Heusenstamm"]
[Date "2015.11.28"]
[Round "5"]
[White "Larem, Peter"]
[Black "Bethke, Richard"]
[Result "0-1"]
[WhiteElo "1860"]
[BlackElo "1672"]
[PlyCount "116"]
[EventDate "2015.11.26"]
[EventType "swiss"]
[EventRounds "7"]
[EventCountry "GER"]
[SourceTitle "EXT 2018"]
[Source "ChessBase"]
[SourceDate "2017.10.13"]
[SourceVersion "1"]
[SourceVersionDate "2017.10.13"]
[SourceQuality "1"]

1. e4 e5 2. d4 exd4 3. c3 d5 4. exd5 Qxd5 5. cxd4 Nc6 6. Nf3 Bg4 7. Be2 0-0-0 8. Nc3 Bb4 9. 0-0 Qa5 10. Be3 Bxc3 11. bxc3 Qxc3 12. Rc1 Qa5 13. h3 Be6 14. Ng5 Nxd4 15. Bxd4 Qxg5 16. Qc2 c6 17. Be3 Qg6 18. Qxg6 hxg6 19. Bxa7 Rd2 20. Bf3 Rxa2 21. Bb6 Nf6 22. Ra1 Rxa1 23. Rxa1 Kd7 24. Rd1+ Bd5 25. Bc5 Kc7 26. Be2 Re8 27. Bd3 Rd8 28. Rb1 b5 29. Be2 Ne4 30. Bb4 Ra8 31. Rc1 Ra4 32. Bf8 Bc4 33. Bxc4 Rxc4 34. Rxc4 bxc4 35. f3 Nf6 36. Bxg7 Nd5 37. Kf2 Kb6 38. Ke1 Kb5 39. Bh6 Kb4 40. Kd2 Kb3 41. Kc1 c3 42. g4 Nb4 43. h4 c2 44. Kd2 Kb2 45. Ke2 c1Q 46. Bxc1+ Kxc1 47. h5 Nd5 48. h6 Nf6 49. g5 Nh7 50. f4 Kb2 51. Kd3 Kb3 52. Kd4 Kb4 53. Ke5 c5 54. f5 c4 55. fxg6 fxg6 56. Ke6 c3 57. Kf7 c2 58. Kxg6 c1Q 0-1

[Event "Heusenstamm Sparkassen op-A 2nd"]
[Site "Heusenstamm"]
[Date "2015.11.28"]
[Round "4"]
[White "Rosenberger, Frank"]
[Black "Larem, Peter"]
[Result "1-0"]
[WhiteElo "2070"]
[BlackElo "1860"]
[PlyCount "63"]
[EventDate "2015.11.26"]
[EventType "swiss"]
[EventRounds "7"]
[EventCountry "GER"]
[SourceTitle "EXT 2018"]
[Source "ChessBase"]
[SourceDate "2017.10.13"]
[SourceVersion "1"]
[SourceVersionDate "2017.10.13"]
[SourceQuality "1"]

1. e4 e5 2. Nf3 Nf6 3. d4 Nxe4 4. Bd3 d5 5. Nxe5 Nd7 6. Qe2 Nxe5 7. Bxe4 dxe4 8. Qxe4 Bd6 9. dxe5 0-0 10. Bf4 Re8 11. Nc3 Bd7 12. 0-0-0 f6 13. Qd5+ Be6 14. Qd4 fxe5 15. Bxe5 Qg5+ 16. f4 Bxe5 17. Qxe5 Qxe5 18. fxe5 a6 19. Rhe1 Bg4 20. Rd4 Be6 21. b3 Rad8 22. Ne2 Rxd4 23. Nxd4 Kf7 24. Re3 Bd5 25. g3 Be6 26. h4 Rd8 27. Ne2 h6 28. h5 Ke7 29. Nf4 Bg4 30. Rd3 Re8 31. c4 Rf8 32. Ng6+ 1-0

[Event "Karl Mala Memorial op-A 17th"]
[Site "Frankfurt"]
[Date "2014.08.01"]
[Round "3"]
[White "Euler, Gerd"]
[Black "Larem, Peter"]
[Result "1-0"]
[WhiteElo "2323"]
[BlackElo "1929"]
[PlyCount "53"]
[EventDate "2014.07.31"]
[EventType "swiss"]
[EventRounds "7"]
[EventCountry "GER"]
[SourceTitle "EXT 2015"]
[Source "ChessBase"]
[SourceDate "2014.11.20"]
[SourceVersion "1"]
[SourceVersionDate "2014.11.20"]
[SourceQuality "1"]

1. e4 e5 2. Nf3 Nf6 3. Nxe5 d6 4. Nf3 Nxe4 5. d4 d5 6. Bd3 Nc6 7. 0-0 Be7 8. c4 Nb4 9. Be2 0-0 10. Nc3 Bf5 11. a3 Nxc3 12. bxc3 Nc6 13. cxd5 Qxd5 14. Bf4 Qd8 15. d5 Na5 16. c4 Bd6 17. Be3 b6 18. Nd4 Bd7 19. Bd3 Nb7 20. Re1 Nc5 21. Bf5 Bxf5 22. Nxf5 Qf6 23. Qf3 Nd7 24. Qh3 Rad8 25. Bd4 Be5 26. Rxe5 Nxe5 27. f4 1-0

[Event "Karl Mala Memorial op-A 17th"]
[Site "Frankfurt"]
[Date "2014.07.31"]
[Round "1"]
[White "Donchenko, Alexander"]
[Black "Larem, Peter"]
[Result "1-0"]
[WhiteElo "2499"]
[BlackElo "1929"]
[PlyCount "53"]
[EventDate "2014.07.31"]
[EventType "swiss"]
[EventRounds "7"]
[EventCountry "GER"]
[SourceTitle "EXT 2015"]
[Source "ChessBase"]
[SourceDate "2014.11.20"]
[SourceVersion "1"]
[SourceVersionDate "2014.11.20"]
[SourceQuality "1"]

1. Nf3 Nf6 2. c4 g6 3. g3 Bg7 4. Bg2 0-0 5. 0-0 d6 6. d4 Nbd7 7. Nc3 a6 8. e4 e5 9. Qc2 exd4 10. Nxd4 Re8 11. Rd1 Rb8 12. h3 Qe7 13. Be3 Nc5 14. f3 c6 15. Bf2 Bd7 16. b4 Ne6 17. Nb3 Ng5 18. Kh2 Nh5 19. Rac1 Be5 20. Ne2 Ne6 21. Kh1 Rf8 22. Re1 Rbc8 23. Qd2 Rce8 24. f4 Bg7 25. Rcd1 Nf6 26. e5 dxe5 27. fxe5 1-0

[Event "Frankfurt-chA"]
[Site "Frankfurt"]
[Date "2014.05.26"]
[Round "5"]
[White "Bergner, Matthias"]
[Black "Larem, Peter"]
[Result "0-1"]
[WhiteElo "1557"]
[BlackElo "1763"]
[PlyCount "62"]
[EventDate "2014.04.28"]
[EventType "swiss"]
[EventRounds "7"]
[EventCountry "GER"]
[SourceTitle "EXT 2015"]
[Source "ChessBase"]
[SourceDate "2014.11.20"]
[SourceVersion "1"]
[SourceVersionDate "2014.11.20"]
[SourceQuality "1"]

1. d4 Nf6 2. Nf3 g6 3. g3 Bg7 4. Bg2 0-0 5. 0-0 d6 6. b3 Nbd7 7. Bb2 Re8 8. Nbd2 e5 9. dxe5 dxe5 10. e4 c6 11. Re1 b5 12. a4 Bb7 13. Bf1 a6 14. Qe2 Qc7 15. Qe3 Rad8 16. Bd3 Bf8 17. axb5 cxb5 18. c4 Nc5 19. Bc2 b4 20. Qg5 Nfd7 21. Rad1 f6 22. Qe3 Ne6 23. Re2 Bc5 24. Qh6 Nd4 25. Nxd4 exd4 26. Rde1 Ne5 27. Bd1 d3 28. Bxe5 Qxe5 29. Re3 Bxe3 30. Rxe3 Qb2 31. Nf1 Bxe4 0-1

[Event "Frankfurt-chA"]
[Site "Frankfurt"]
[Date "2014.05.19"]
[Round "4"]
[White "Larem, Peter"]
[Black "Zerhusen, Martin"]
[Result "1/2-1/2"]
[WhiteElo "1763"]
[BlackElo "1587"]
[PlyCount "117"]
[EventDate "2014.04.28"]
[EventType "swiss"]
[EventRounds "7"]
[EventCountry "GER"]
[SourceTitle "EXT 2015"]
[Source "ChessBase"]
[SourceDate "2014.11.20"]
[SourceVersion "1"]
[SourceVersionDate "2014.11.20"]
[SourceQuality "1"]

1. e4 c5 2. c3 d5 3. exd5 Qxd5 4. d4 e6 5. Nf3 Nf6 6. Be3 cxd4 7. cxd4 Be7 8. Nc3 Qd8 9. Bd3 0-0 10. 0-0 a6 11. Qe2 Nc6 12. a3 Nd5 13. Nxd5 Qxd5 14. Rad1 Bf6 15. Bb1 b5 16. b4 Rd8 17. Qc2 g6 18. Ba2 Qd7 19. Ne5 Bxe5 20. dxe5 Qe8 21. Rxd8 Nxd8 22. Bg5 Nc6 23. Rd1 Bb7 24. Bf6 Rc8 25. Qd2 Rb8 26. Bb1 Ne7 27. Qd7 Qxd7 28. Rxd7 Nd5 29. Be4 Kf8 30. Bxd5 Bxd5 31. Rc7 Bb7 32. Bg5 Kg7 33. Bf6+ Kf8 34. Bg5 Kg7 35. Be3 Bd5 36. f4 Rb7 37. Rc5 Rd7 38. Kf2 h5 39. g4 Be4 40. Rc3 Kf8 41. Bc5+ Kg7 42. Bd6 Ra7 43. g5 Bd5 44. Ke3 Bc4 45. Kd4 a5 46. bxa5 Rxa5 47. Bb4 Ra8 48. Bd6 f5 49. Kc5 Kf7 50. Kb6 Ke8 51. Kb7 Ra4 52. Bb4 Kd7 53. Kb6 Ra8 54. Kc5 Rc8+ 55. Kd4 Ra8 56. Kc5 Ra4 57. Rc1 Ra6 58. Rd1+ Ke7 59. Rd6 1/2-1/2

[Event "Frankfurt-chA"]
[Site "Frankfurt"]
[Date "2014.05.12"]
[Round "3"]
[White "Kissler, Johann"]
[Black "Larem, Peter"]
[Result "0-1"]
[WhiteElo "1531"]
[BlackElo "1763"]
[PlyCount "38"]
[EventDate "2014.04.28"]
[EventType "swiss"]
[EventRounds "7"]
[EventCountry "GER"]
[SourceTitle "EXT 2015"]
[Source "ChessBase"]
[SourceDate "2014.11.20"]
[SourceVersion "1"]
[SourceVersionDate "2014.11.20"]
[SourceQuality "1"]

1. c4 e5 2. Nc3 Nf6 3. b3 Nc6 4. Bb2 Bc5 5. Nf3 0-0 6. e3 Re8 7. d3 d5 8. cxd5 Nxd5 9. Nxd5 Qxd5 10. e4 Qd6 11. Be2 Qg6 12. g3 Bh3 13. Bc1 Rad8 14. Nh4 Qd6 15. Be3 Bxe3 16. fxe3 Nb4 17. Qd2 Nxd3+ 18. Bxd3 Qxd3 19. Rd1 Qxe4 0-1

[Event "Wiesbaden op 24th"]
[Site "Wiesbaden"]
[Date "2012.08.24"]
[Round "3"]
[White "Brechlin, Olaf"]
[Black "Larem, Peter"]
[Result "1/2-1/2"]
[WhiteElo "2063"]
[BlackElo "1935"]
[PlyCount "69"]
[EventDate "2012.08.23"]
[EventType "swiss"]
[EventRounds "7"]
[EventCountry "GER"]
[SourceTitle "CBM 150 Extra"]
[Source "ChessBase"]
[SourceDate "2012.10.19"]
[SourceVersion "1"]
[SourceVersionDate "2012.10.19"]
[SourceQuality "1"]

1. Nc3 Nf6 2. e4 e5 3. f4 d5 4. fxe5 Nxe4 5. d3 Nxc3 6. bxc3 Be7 7. Nf3 0-0 8. d4 f6 9. exf6 Bxf6 10. Be2 Bh4+ 11. g3 Be7 12. 0-0 Bh3 13. Rf2 Nd7 14. Rb1 b6 15. Bf4 h6 16. Bf1 Bg4 17. h3 Bxf3 18. Rxf3 Nf6 19. Bg2 Ne4 20. Re3 Bg5 21. Qg4 Bxf4 22. gxf4 Nf6 23. Qg6 Ne4 24. Bxe4 dxe4 25. Qxe4 Qh4 26. Rf1 Rae8 27. Qf3 Rxe3 28. Qxe3 Rf6 29. Kh2 Qh5 30. Qe5 Rf5 31. Qe6+ Kh7 32. Qe4 Kg8 33. Rg1 Qf7 34. Qa8+ Kh7 35. Qe4 1/2-1/2

[Event "Karl Mala Memorial op 15th"]
[Site "Frankfurt"]
[Date "2012.07.06"]
[Round "3"]
[White "Mook, Karl Juergen"]
[Black "Larem, Peter"]
[Result "0-1"]
[WhiteElo "1595"]
[BlackElo "1917"]
[PlyCount "108"]
[EventDate "2012.07.05"]
[EventType "swiss"]
[EventRounds "7"]
[EventCountry "GER"]
[SourceTitle "CBM 149 Extra"]
[Source "ChessBase"]
[SourceDate "2012.08.24"]
[SourceVersion "1"]
[SourceVersionDate "2012.08.24"]
[SourceQuality "1"]

1. Nf3 Nf6 2. d4 g6 3. c4 c5 4. e3 cxd4 5. Nxd4 Bg7 6. Nc3 0-0 7. Bd3 Nc6 8. Nxc6 bxc6 9. Qc2 d5 10. 0-0 e5 11. Rd1 Be6 12. cxd5 cxd5 13. e4 d4 14. Ne2 Rc8 15. Qb1 Nd7 16. b3 Nc5 17. Ba3 Re8 18. Bxc5 Rxc5 19. Rc1 Rxc1+ 20. Qxc1 Qa5 21. Qb2 Bf8 22. a3 Rc8 23. b4 Qa4 24. Rc1 Rxc1+ 25. Qxc1 a5 26. h3 axb4 27. axb4 Bxb4 28. f4 Qb3 29. Qc2 Qxc2 30. Bxc2 Bc4 31. Nc1 Bd2 32. Nd3 Be3+ 33. Kh2 Bxd3 34. Bxd3 Bxf4+ 35. g3 Be3 36. Kg2 Kg7 37. h4 h5 38. Kf3 Kf6 39. Bc4 Ke7 40. g4 hxg4+ 41. Kxg4 f6 42. h5 gxh5+ 43. Kxh5 Kd6 44. Kg6 Kc5 45. Bd3 Bg5 46. Kf5 Kb4 47. Ke6 Kc3 48. Ba6 d3 49. Kd5 d2 50. Be2 Kc2 51. Kc4 d1Q 52. Bxd1+ Kxd1 53. Kd3 Ke1 54. Kc4 Kd2 0-1

[Event "Rhein Main op-A 15th"]
[Site "Bad Homburg"]
[Date "2012.06.09"]
[Round "6"]
[White "Paoli, Heiko"]
[Black "Larem, Peter"]
[Result "0-1"]
[WhiteElo "1796"]
[BlackElo "1920"]
[PlyCount "82"]
[EventDate "2012.06.06"]
[EventType "swiss"]
[EventRounds "7"]
[EventCountry "GER"]
[SourceTitle "EXT 2013"]
[Source "ChessBase"]
[SourceDate "2012.11.22"]
[SourceVersion "1"]
[SourceVersionDate "2012.11.22"]
[SourceQuality "1"]

1. d4 Nf6 2. Nf3 g6 3. c4 c5 4. d5 b5 5. cxb5 a6 6. bxa6 Bxa6 7. e3 Bxf1 8. Kxf1 d6 9. Nc3 Bg7 10. g3 0-0 11. Kg2 Nbd7 12. Re1 Ra6 13. Qc2 Qa8 14. e4 Rb8 15. Bd2 Ng4 16. a4 Nge5 17. Nxe5 Nxe5 18. Nb5 Rxb5 19. axb5 Rxa1 20. Rxa1 Qxa1 21. b4 Nd7 22. bxc5 Nxc5 23. Be3 Qb2 24. Qxb2 Bxb2 25. Kf3 Nb7 26. Ke2 Kf8 27. Kd3 Ke8 28. Kc4 Kd7 29. f4 e6 30. g4 Ba3 31. dxe6+ fxe6 32. f5 gxf5 33. gxf5 Nc5 34. fxe6+ Kxe6 35. b6 Nxe4 36. Kb5 d5 37. Kc6 Bd6 38. b7 Bxh2 39. Ba7 Be5 40. b8Q Bxb8 41. Bxb8 d4 0-1

[Event "Hessen-chB"]
[Site "Offenbach"]
[Date "2012.04.05"]
[Round "3"]
[White "Larem, Peter"]
[Black "Guth, Susanne"]
[Result "1-0"]
[WhiteElo "1926"]
[BlackElo "1728"]
[PlyCount "59"]
[EventDate "2012.04.05"]
[EventType "swiss"]
[EventRounds "7"]
[EventCountry "GER"]
[SourceTitle "EXT 2013"]
[Source "ChessBase"]
[SourceDate "2012.11.22"]
[SourceVersion "1"]
[SourceVersionDate "2012.11.22"]
[SourceQuality "1"]

1. e4 c6 2. d4 d5 3. Nc3 dxe4 4. Nxe4 Bf5 5. Ng3 Bg6 6. N1e2 e6 7. Nf4 Bd6 8. Nxg6 hxg6 9. Ne4 Be7 10. c3 Nd7 11. Bf4 Ngf6 12. Nd6+ Bxd6 13. Bxd6 Ne4 14. Ba3 Qc7 15. g3 Ndf6 16. Bg2 Nd6 17. Qf3 Nc4 18. Rb1 Nxa3 19. bxa3 Nd5 20. 0-0 0-0 21. h4 Rab8 22. Rfe1 Rfd8 23. Re5 c5 24. h5 gxh5 25. Qxh5 Nf6 26. Rxc5 Qe7 27. Qe5 Nd7 28. Rc7 Nxe5 29. Rxe7 Nc6 30. Rexb7 1-0

[Event "Hessen-chB"]
[Site "Offenbach"]
[Date "2012.04.05"]
[Round "4"]
[White "Wuestehube, Axel"]
[Black "Larem, Peter"]
[Result "1/2-1/2"]
[WhiteElo "1920"]
[BlackElo "1926"]
[PlyCount "47"]
[EventDate "2012.04.05"]
[EventType "swiss"]
[EventRounds "7"]
[EventCountry "GER"]
[SourceTitle "EXT 2013"]
[Source "ChessBase"]
[SourceDate "2012.11.22"]
[SourceVersion "1"]
[SourceVersionDate "2012.11.22"]
[SourceQuality "1"]

1. Nf3 Nf6 2. c4 g6 3. g3 Bg7 4. Bg2 0-0 5. Nc3 d6 6. 0-0 e5 7. b3 Nc6 8. Bb2 Ne7 9. d4 exd4 10. Nxd4 d5 11. cxd5 Nfxd5 12. e3 Nxc3 13. Bxc3 Nd5 14. Rc1 Nxc3 15. Rxc3 Bxd4 16. Rd3 c6 17. Qd2 Bxe3 18. fxe3 Qe7 19. e4 Be6 20. Rd1 Bg4 21. Re1 Rad8 22. Ree3 Rxd3 23. Rxd3 Be6 24. h4 1/2-1/2

[Event "Karl Mala Memorial op 14th"]
[Site "Frankfurt"]
[Date "2011.07.09"]
[Round "5"]
[White "Kuhn, Gerhard"]
[Black "Larem, Peter"]
[Result "1-0"]
[WhiteElo "2114"]
[BlackElo "1919"]
[PlyCount "95"]
[EventDate "2011.07.07"]
[EventType "swiss"]
[EventRounds "7"]
[EventCountry "GER"]
[SourceTitle "EXT 2012"]
[Source "ChessBase"]
[SourceDate "2011.11.24"]
[SourceVersion "1"]
[SourceVersionDate "2011.11.24"]
[SourceQuality "1"]

1. e4 e5 2. Nf3 Nf6 3. Nc3 Nc6 4. d4 exd4 5. Nd5 Nxd5 6. exd5 Bb4+ 7. Bd2 Bxd2+ 8. Qxd2 Qe7+ 9. Be2 Nb4 10. 0-0 0-0 11. Bc4 Qc5 12. Qxd4 Qxd4 13. Nxd4 c5 14. c3 Nd3 15. Bxd3 cxd4 16. c4 d6 17. Rfe1 Bd7 18. Re7 Rad8 19. Rae1 Rfe8 20. Rxe8+ Rxe8 21. Rxe8+ Bxe8 22. f4 Kf8 23. Kf2 Ke7 24. Kf3 g6 25. Ke4 f5+ 26. Kxd4 b6 27. b4 Kd7 28. Bc2 Kc7 29. Bd1 Bd7 30. h3 h5 31. Ke3 Kd8 32. Kf2 h4 33. g3 hxg3+ 34. Kxg3 Ke7 35. h4 Be8 36. Be2 Bf7 37. Kf2 Be8 38. Bd1 Kd8 39. Ke3 Kc7 40. Kd4 Kd8 41. Kc3 Kc7 42. Kb3 Kd8 43. Ka3 Kc7 44. Ba4 Bf7 45. Bc6 a6 46. Kb3 a5 47. Ka4 axb4 48. Kxb4 1-0

[Event "Karl Mala Memorial op 14th"]
[Site "Frankfurt"]
[Date "2011.07.09"]
[Round "4"]
[White "Larem, Peter"]
[Black "Von Auer, Ulrich"]
[Result "1/2-1/2"]
[WhiteElo "1919"]
[BlackElo "2129"]
[PlyCount "72"]
[EventDate "2011.07.07"]
[EventType "swiss"]
[EventRounds "7"]
[EventCountry "GER"]
[SourceTitle "EXT 2012"]
[Source "ChessBase"]
[SourceDate "2011.11.24"]
[SourceVersion "1"]
[SourceVersionDate "2011.11.24"]
[SourceQuality "1"]

1. e4 e6 2. d4 d5 3. Nc3 Bb4 4. e5 c5 5. a3 Bxc3+ 6. bxc3 Ne7 7. Qg4 0-0 8. Bd3 Nbc6 9. Nf3 f5 10. exf6 Rxf6 11. Bg5 e5 12. Bxh7+ Kxh7 13. Qh4+ Kg8 14. Bxf6 gxf6 15. Qxf6 exd4 16. 0-0 Qf8 17. Qg5+ Qg7 18. Qxg7+ Kxg7 19. cxd4 cxd4 20. Rfe1 Kf6 21. Rad1 Bg4 22. Rd3 Bf5 23. Rd2 Rc8 24. h3 Be4 25. Nxd4 Nxd4 26. Rxd4 Rxc2 27. f3 Bf5 28. g4 Bc8 29. Rf4+ Kg5 30. Rf8 Ng6 31. Rg8 Kf6 32. f4 Nh4 33. Ree8 Be6 34. Rgf8+ Bf7 35. Rb8 Kg7 36. Rfd8 Rd2 1/2-1/2

[Event "Karl Mala Memorial op 14th"]
[Site "Frankfurt"]
[Date "2011.07.08"]
[Round "3"]
[White "Dittmar, Lars"]
[Black "Larem, Peter"]
[Result "0-1"]
[WhiteElo "1519"]
[BlackElo "1919"]
[PlyCount "62"]
[EventDate "2011.07.07"]
[EventType "swiss"]
[EventRounds "7"]
[EventCountry "GER"]
[SourceTitle "EXT 2012"]
[Source "ChessBase"]
[SourceDate "2011.11.24"]
[SourceVersion "1"]
[SourceVersionDate "2011.11.24"]
[SourceQuality "1"]

1. e4 e5 2. Nf3 Nf6 3. Nxe5 d6 4. Nf3 Nxe4 5. d4 d5 6. Nbd2 Nxd2 7. Bxd2 Be7 8. Bd3 Bg4 9. c3 c6 10. 0-0 Nd7 11. Re1 0-0 12. Be2 Nf6 13. Ne5 Bf5 14. Ng4 Ne4 15. Ne3 Bg6 16. f3 Nf6 17. Nf1 Re8 18. Bf4 Nh5 19. Bg3 Nxg3 20. Nxg3 Bd6 21. Qd2 Qc7 22. Kf2 Bf4 23. Qd1 h5 24. Bd3 h4 25. Ne2 Bxd3 26. Qxd3 Be3+ 27. Kf1 Qxh2 28. Nc1 Qg1+ 29. Ke2 Bxc1+ 30. Kd1 Rxe1+ 31. Kc2 Qxg2+ 0-1

[Event "Main Vogelsberg op 6th"]
[Site "Hanau"]
[Date "2011.06.05"]
[Round "7"]
[White "Larem, Peter"]
[Black "Traut, Stefan"]
[Result "1-0"]
[WhiteElo "1723"]
[BlackElo "1540"]
[PlyCount "57"]
[EventDate "2011.06.02"]
[EventType "swiss"]
[EventRounds "7"]
[EventCountry "GER"]
[SourceTitle "CBM 142 Extra"]
[Source "ChessBase"]
[SourceDate "2011.06.27"]
[SourceVersion "1"]
[SourceVersionDate "2011.06.27"]
[SourceQuality "1"]

1. e4 c5 2. c3 d5 3. exd5 Qxd5 4. d4 Nc6 5. Nf3 Bg4 6. Be2 e6 7. Be3 cxd4 8. cxd4 Nf6 9. Nc3 Qa5 10. 0-0 Be7 11. h3 Bh5 12. a3 0-0 13. Qb3 Qc7 14. Rac1 Rfd8 15. Rfd1 Bg6 16. Bg5 Nd5 17. Nxd5 exd5 18. Bxe7 Qxe7 19. Bb5 Rac8 20. Re1 Qd6 21. Rc3 f6 22. Rce3 Re8 23. Bxc6 Rxe3 24. Qxd5+ Qxd5 25. Bxd5+ Bf7 26. Bxf7+ Kxf7 27. Rxe3 Rc2 28. b4 Rc4 29. d5 1-0